Catálogo público

Base de datos agrícolas de América Latina y el Caribe II (Record no. 80909)

MARC details
000 -CABECERA
campo de control de longitud fija 02352nmm a22004457a 4500
003 - IDENTIFICADOR DEL NÚMERO DE CONTROL
campo de control CHAP
005 - FECHA Y HORA DE LA ÚLTIMA TRANSACCIÓN
campo de control 20240607115649.0
007 - CAMPO FIJO DE DESCRIPCIÓN FÍSICA--INFORMACIÓN GENERAL
campo de control de longitud fija co |g |||aaaaa
008 - DATOS DE LONGITUD FIJA--INFORMACIÓN GENERAL
campo de control de longitud fija 000424s1996 mx | | 00010 spa d
010 ## - NÚMERO DE CONTROL DE LA BIBLIOTECA DEL CONGRESO
Número de control de LC 80909
011 ## - ENLACE DEL NUMERO DE CONTROL DE LA BIBLIOTECA DEL CONGRESO [OBSOLETO]
Número de control de LC 81881
035 ## - NÚMERO DE CONTROL DEL SISTEMA
Número de control de sistema 92363
040 ## - FUENTE DE LA CATALOGACIÓN
Centro/agencia transcriptor CHAP
041 ## - CÓDIGO DE LENGUA
Código de lengua del texto/banda sonora o título independiente spa
090 ## - LOCALMENTE ASIGNADO TIPO-LC NÚMERO DE CLASIFICACIÓN (OCLC); NÚMERO DE CLASIFICACIÓN LOCAL (RLIN)
Número de clasificación (OCLC) (R) ; Numero de clasificación, CALL (RLIN) (NR) CD-23 1996
110 2# - ENTRADA PRINCIPAL--NOMBRE DE ENTIDAD CORPORATIVA
Nombre de entidad corporativa o nombre de jurisdicción como elemento de entrada Universidad de Colima. Centro Nacional Editor de Discos Compactos
9 (RLIN) 116412
245 10 - MENCIÓN DE TÍTULO
Título Base de datos agrícolas de América Latina y el Caribe II
Medio [disco compacto]
Mención de responsabilidad, etc. / por Universidad de Colima
250 ## - MENCIÓN DE EDICIÓN
Mención de edición Segunda edición
264 #1 - PRODUCCIÓN, PUBLICACIÓN, DISTRIBUCIÓN, FABRICACIÓN Y COPYRIGHT
Producción, publicación, distribución, fabricación y copyright Colima, Col. :
Nombre del de productor, editor, distribuidor, fabricante Universidad de Colima. Centro Nacional Editor de Discos Compactos,
Fecha de producción, publicación, distribución, fabricación o copyright 1996.
300 ## - DESCRIPCIÓN FÍSICA
Extensión 1 disco compacto (CD) :
Dimensiones 4 3/4 pulgadas (12 cm.)
336 ## - TIPO DE CONTENIDO
Fuente rdacontent
Término de tipo de contenido conjunto de datos de la computadora
Código de tipo de contenido cod
337 ## - TIPO DE MEDIO
Fuente rdamedia
Nombre/término del tipo de medio ordenador
Código del tipo de medio c
338 ## - TIPO DE SOPORTE
Fuente rdacamier
Nombre/término del tipo de soporte disco de computadora
Código del tipo de soporte cd
516 ## - NOTA DE TIPO DE ARCHIVO DE ORDENADOR O DE DATOS
Nota de tipo de archivo de ordenador o de datos Texto (datos bibliográficos)
520 ## - SUMARIO, ETC.
Sumario, etc. La presente segunda edición del Disco Compacto de Bases de Datos Agrícolas de América Latina y el Caribe, da continuidad al esfuerzo realizado en 1993 por la Universidad de Colima de México y el Instituto Interamericano de Cooperación a la Agricultura (IICA). Esta actividad estuvo dirigida a la producción de una fuente de consulta para la identificación y acceso a importantes colecciones existente en bibliotecas y centros de documentación del sector agropecuario de la región.
538 ## - NOTA DE DETALLES DEL SISTEMA
Nota de detalles del sistema Computadora IBM PC o compatible, sistema operativo 5.0 o posteriores, archivo config. SYS, Device= C:\DOS\HIMEM.SYS, Device= C:\DOS\EMM386.EXE ram, Buffers= 30, Files= 30; 2 MB de memoria con 500 kb libres de memoria convencional; 2 MB en disco duro, monitor VGA o SVGA, equipo lector de CD-ROM, mouse (opcional)
590 ## - NOTA LOCAL (RLIN)
Nota local BATCH-UPD
Procedencia (VM) [OBSOLETO] 10
Condición del los carretes individuales (VM) [OBSOLETO] 20130110
590 ## - NOTA LOCAL (RLIN)
Nota local BATCH-UPD
Procedencia (VM) [OBSOLETO] 10
Condición del los carretes individuales (VM) [OBSOLETO] 20130110
590 ## - NOTA LOCAL (RLIN)
Nota local BATCH-UPD
Procedencia (VM) [OBSOLETO] 10
Condición del los carretes individuales (VM) [OBSOLETO] 20130409
590 ## - NOTA LOCAL (RLIN)
Nota local BATCH-UPD
Procedencia (VM) [OBSOLETO] 10
Condición del los carretes individuales (VM) [OBSOLETO] 20130914
590 ## - NOTA LOCAL (RLIN)
Nota local CONVERSION
Procedencia (VM) [OBSOLETO] 10
Condición del los carretes individuales (VM) [OBSOLETO] 20130109
650 14 - PUNTO DE ACCESO ADICIONAL DE MATERIA--TÉRMINO DE MATERIA
Término de materia o nombre geográfico como elemento de entrada Agricultura
Subdivisión geográfica América Latina.
9 (RLIN) 1911
650 14 - PUNTO DE ACCESO ADICIONAL DE MATERIA--TÉRMINO DE MATERIA
Término de materia o nombre geográfico como elemento de entrada America Latina
Subdivisión general Condiciones economicas.
9 (RLIN) 5390
650 14 - PUNTO DE ACCESO ADICIONAL DE MATERIA--TÉRMINO DE MATERIA
Término de materia o nombre geográfico como elemento de entrada Bases de datos.
9 (RLIN) 10684
650 14 - PUNTO DE ACCESO ADICIONAL DE MATERIA--TÉRMINO DE MATERIA
Término de materia o nombre geográfico como elemento de entrada Mujer.
9 (RLIN) 79312
650 14 - PUNTO DE ACCESO ADICIONAL DE MATERIA--TÉRMINO DE MATERIA
Término de materia o nombre geográfico como elemento de entrada Mujer
Subdivisión general Situación social
-- América Latina.
9 (RLIN) 79330
905 ## - ELEMENTOS DE DATOS E LOCAL, LDE (RLIN)
a Guadalupe Pinto C.
942 ## - ELEMENTOS DE PUNTO DE ACCESO ADICIONAL (KOHA)
Tipo de ítem Koha CD
Fuente del sistema de clasificación o colocación Clasificación Universidad Autónoma de Chapingo
949 ## - PROCESAMIENTO DE INFORMACIÓN LOCAL (OCLC)
a CD-23 (1996)
b BC
c CD
d 33724000757738
e CD
i 92363
s b
Holdings
Estado de retiro Estado de pérdida Fuente del sistema de clasificación o colocación Estado dañado Restricciones de uso No para préstamo Código de colección Localización permanente Ubicación/localización actual Ubicación en estantería Fecha de adquisición Total de préstamos Signatura topográfica completa Código de barras Fecha visto por última vez Precio válido a partir de Tipo de ítem Koha
    Clasificación Universidad Autónoma de Chapingo   Préstamo interno   Material multimedia Biblioteca Central Biblioteca Central Planta Principal - Área de préstamo - Mat. Multimedia 17/12/2012   CD-23 1996 33724000757738 31/12/2019 31/12/2019 CD